Štruktúrna konvergencia z pohľadu optimálnej menovej oblasti
Teória optimálnej menovej oblasti. Pohľad na proces štruktúrnej konvergencie v krajinách eurozóny. Rozdiely v tvare štruktúry ekonomiky jednotlivých krajín ako dôsledok predovšetkým rozdielnych prírodných a ekonomických podmienok jednotlivých krajín. Štruktúra tvorby pridanej hodnoty v krajinách eur...
Guardado en:
| Autor principal: | |
|---|---|
| Formato: | Capítulo de libro |
| Lenguaje: | eslovaco |
| Materias: | |
| Etiquetas: |
Sin Etiquetas, Sea el primero en etiquetar este registro!
|
MARC
| LEADER | 00000nla$a2200000$$$4500 | ||
|---|---|---|---|
| 001 | 0146531 | ||
| 005 | 20240502072637.9 | ||
| 041 | 0 | |a slo | |
| 044 | |a SK | ||
| 245 | 1 | 0 | |a Štruktúrna konvergencia z pohľadu optimálnej menovej oblasti |c Elena Fifeková |
| 520 | |a Teória optimálnej menovej oblasti. Pohľad na proces štruktúrnej konvergencie v krajinách eurozóny. Rozdiely v tvare štruktúry ekonomiky jednotlivých krajín ako dôsledok predovšetkým rozdielnych prírodných a ekonomických podmienok jednotlivých krajín. Štruktúra tvorby pridanej hodnoty v krajinách eurozóny. Štruktúra a miera pridanej hodnoty jednotlivých odvetví priemyselnej výroby v krajinách eurozóny (2009). Vybrané ukazovatele priemyselnej výroby. | ||
| 610 | 2 | 0 | |a eurozóna |
| 610 | 2 | 0 | |a štruktúra ekonomická |
| 610 | 2 | 0 | |a priemysel |
| 610 | 2 | 0 | |a hodnota pridaná |
| 610 | 2 | 0 | |a konvergencia |
| 100 | 1 | |a Fifeková, Elena | |